MARC

LEADER 00000nam0a2200000 4500
001 55256
005 20231101211533.0
035 |a (RuTPU)RU\TPU\book\57983 
090 |a 55256 
100 |a 20030910d1974 m y0rusy50 ca 
101 0 |a rus 
102 |a RU 
105 |a a j 001zy 
200 1 |a Лекции по теории обучения в высшей школе  |f С. И. Архангельский 
210 |a Москва  |c Высшая школа  |d 1974 
215 |a 384 с.  |c ил. 
320 |a Списки литературы в конце лекций 
606 |a Дидактика  |x Высшее образование  |2 stltpush  |3 (RuTPU)RU\TPU\subj\9461  |9 36705 
606 |a Методика преподавания  |x В высшей школе  |2 stltpush  |3 (RuTPU)RU\TPU\subj\43483  |9 62977 
610 1 |a теория обучения 
610 1 |a высшая школа 
610 1 |a педагогическая деятельность 
610 1 |a высшее образование 
610 1 |a лекции 
686 |a Ч481.2  |2 rubbk 
700 1 |a Архангельский  |b С. И.  |g Сергей Иванович 
801 1 |a RU  |b 63413507  |c 20030910  |g PSBO 
801 2 |a RU  |b 63413507  |c 20180201  |g PSBO 
942 |c BK